Normal view
MARC view
Entry Personal Name
001 - CONTROL NUMBER
- control field: 22779
003 - CONTROL NUMBER IDENTIFIER
- control field: OSt
005 - DATE AND TIME OF LATEST TRANSACTION
- control field: 20151226124430.0
008 - FIXED-LENGTH DATA ELEMENTS
- fixed length control field: 151226|| aca||aabn | a|a d
040 ## - CATALOGING SOURCE
- Original cataloging agency: OSt
- Transcribing agency: OSt
100 ## - HEADING--PERSONAL NAME
- Personal name: Mookerjee,Nanda
670 ## - SOURCE DATA FOUND
- Source citation: Work cat.: (OSt): Mookerjee,Nanda, Sri Ramakrishna in the eyes of Brahmo and Christian Admirers, july 2007









